<?xml version="1.0" encoding="UTF-8"?>
<marc:record xmlns:marc="http://www.loc.gov/MARC21/slim">
   <marc:leader>00000nam a2200000 a 4500</marc:leader>
   <marc:datafield ind1="1" ind2=" " tag="100">
      <marc:subfield code="a">Weller, Ursula</marc:subfield>
      <marc:subfield code="4">art</marc:subfield>
      <marc:subfield code="e">Künstler/-in</marc:subfield>
   </marc:datafield>
   <marc:datafield ind1="1" ind2=" " tag="100">
      <marc:subfield code="a">Gernhäuser, Susanne</marc:subfield>
      <marc:subfield code="4">aut</marc:subfield>
      <marc:subfield code="e">Verfasser/-in</marc:subfield>
   </marc:datafield>
   <marc:datafield ind1="0" ind2="0" tag="245">
      <marc:subfield code="a">Bauernhoftiere</marc:subfield>
   </marc:datafield>
   <marc:datafield ind1="0" ind2="0" tag="245">
      <marc:subfield code="c">Illustration: Ursula Weller, Text: Susanne Gernhäuser</marc:subfield>
   </marc:datafield>
   <marc:datafield ind1=" " ind2="1" tag="264">
      <marc:subfield code="a">Ravensburg</marc:subfield>
      <marc:subfield code="b">Ravensburger</marc:subfield>
      <marc:subfield code="c">2020</marc:subfield>
   </marc:datafield>
   <marc:datafield ind1="1" ind2=" " tag="490">
      <marc:subfield code="a">Wieso? Weshalb? Warum?</marc:subfield>
      <marc:subfield code="v">1</marc:subfield>
   </marc:datafield>
   <marc:datafield ind1="1" ind2=" " tag="520">
      <marc:subfield code="a">Angaben aus der Verlagsmeldung

Bauernhoftiere / von Susanne Gernhäuser

• Hören und Staunen: Beim Öffnen von Soundklappen ertönen Tiergeräusche
• Einzigartige Kombination von Sachwissen, Bewegungsklappen und Sounds für Bauernhof-Fans ab 2 Jahren
• Mit 5 echten Tierlauten (Kuh, Schwein, Schaf, Hahn, Ziege)

Wann grunzen Schweine? Wie meckert die Ziege? Und warum kräht der Hahn? Die neue Reihe „Mein junior zum Hören“ bietet neben den beliebten Bewegungsklappen auch innovative Soundklappen, die beim Öffnen ein Geräusch abspielen. So werden Kuh, Schaf, Schwein, Ziege und Hahn hörbar zum Leben erweckt. Klare Bilder und kindgerechte Sachtexte vermitteln zusätzlich spannendes Wissen über die Lebensweise und Besonderheiten der einzelnen Bauernhoftiere.
</marc:subfield>
   </marc:datafield>
   <marc:datafield ind1=" " ind2=" " tag="020">
      <marc:subfield code="a">9783473329649</marc:subfield>
      <marc:subfield code="9">9783473329649</marc:subfield>
   </marc:datafield>
   <marc:datafield ind1=" " ind2=" " tag="020">
      <marc:subfield code="a">3473329649</marc:subfield>
      <marc:subfield code="9">3473329649</marc:subfield>
   </marc:datafield>
   <marc:datafield ind1=" " ind2=" " tag="041">
      <marc:subfield code="a">ger</marc:subfield>
   </marc:datafield>
   <marc:datafield ind1=" " ind2=" " tag="300">
      <marc:subfield code="a">10 ungezählte Seiten</marc:subfield>
   </marc:datafield>
</marc:record>
